F1 winners - Statistics

Statistiche generali
  • Questo quiz è stato fatto 116 volte
  • Il punteggio medio è 10 su 35
Answers on the Grid
Answers color-coded by a green-red scale on the quiz's grid according to % correct below.
Michael Schumacher
Felipe Massa
Stirling Moss
Juan Manuel Fangio
Ayrton Senna
Gilles Villeneuve
Alain Prost
Fernando Alonso
George Russell
Juan Pablo Montoya
Daniel Ricciardo
Sebastian Vettel
Max Verstappen
Oscar Piastri
Lewis Hamilton
Jacques Villeneuve
Ruben Barrichello
Jackie Stewart
Niki Lauda
Clay Regazzoni
Jack Brabham
Alberto Ascari
Emerson Fittipaldi
Jean Alesi
Mika Hakkinen
Valtteri Bottas
Kimi Raikkonen
Nelson Piquet
Ralf Schumacher
Gerhard Berger
Nigel Mansell
Jim Clark
Nino Farina
Robert Kubica
Mike Hawthorn
Ronnie Petterson
David Coulthard
Carlos Reutamann
Phil Hill
John Surtees
Didier Pironi
Jochen Rindt
Carlos Sainz
Denny Hulme
Mario Andretti
Jody Scheckter
Charles Leclerc
Lando Norris
Keke Rosberg
Gerard Webber
Nico Rosberg
Jenson Button
Michele Alboreto
Jacky Ickx
Alan Jones
Jarno Trulli
James Hunt
Graham Hill
Elio De Angelis
Damon Hill
 
Statistiche sulle risposte
Risposta % Corretto
Michael Schumacher
98%
Ayrton Senna
51%
Juan Manuel Fangio
49%
Max Verstappen
45%
Alain Prost
43%
Fernando Alonso
40%
Sebastian Vettel
40%
Lewis Hamilton
36%
Mika Hakkinen
36%
Niki Lauda
36%
Kimi Raikkonen
32%
Nelson Piquet
32%
Nico Rosberg
32%
Alberto Ascari
30%
Jacques Villeneuve
30%
James Hunt
30%
Jenson Button
28%
Nigel Mansell
28%
Jack Brabham
26%
Jackie Stewart
26%
Emerson Fittipaldi
23%
Damon Hill
21%
Graham Hill
21%
Keke Rosberg
21%
Lando Norris
21%
Nino Farina
21%
Jim Clark
19%
Jody Scheckter
19%
John Surtees
19%
Mario Andretti
19%
Phil Hill
19%
Jochen Rindt
15%
Mike Hawthorn
15%
Alan Jones
13%
Denny Hulme
9%
Nessun quiz corrispondente trovato
Distribuzione punteggi
Percentuale di utenti per punteggio
Percentile per numero di risposta
I tuoi punteggi nel tempo
Non hai fatto questo quiz